000 00284nam a22001337a 4500
008 170908b xxu||||| |||| 00| 0 eng d
020 _a9780813625553
041 _aeng
080 _a91
100 _a42
101 _aGJEO
245 _aSAVING OUR EARTH
_cWALKER,C
942 _2udc
_cBK
999 _c26794
_d26794